Capitales de Países no reconocidos y territorios del mundo - Estadísticas

Estadísticas generales
  • Esta prueba ha sido intentada 845 veces
  • La puntuación promedio es 25 de 51
Estadísticas de respuestas
Hint Respuesta % Correcto
Kosovo Pristina
88%
Puerto Rico San Juan
86%
Taiwán Taipei
84%
Gibraltar Gibraltar
81%
Groenlandia Nuuk
74%
Macao Macao
70%
Guayana Francesa Cayena
67%
Chipre del Norte Nicosia del norte
64%
Aruba Oranjestad
63%
San Eustaquio Oranjestad
63%
Bermudas Hamilton
62%
Isla de Man Douglas
57%
Guadalupe Basse-Terre
56%
Transnistria Tiráspol
56%
Sahara Occidental El Aaiún
55%
Anguilla El Valle
55%
Samoa Americana Pago Pago
55%
Polinesia Francesa Papeete
52%
Islas Caimán George Town
51%
Islas Malvinas Stanley
51%
Guam Agaña
50%
Curazao Willemstad
50%
Niue Alofi
49%
Isla de Norfolk Kingston
49%
Abjasia Sujumi
48%
Martinica Fort de France
47%
La Reunión Saint Denis
47%
Islas Vírgenes de los EEUU Charlotte Amalie
45%
Nueva Caledonia Numea
45%
Palestina Ramallah
44%
Islas Feroe Tórshavn
44%
Guernsey Saint Peter Port
42%
Islas Cocos West Island
42%
Islas Pitcairn Adamstown
41%
Wallis y Futuna Mata-Utu
41%
Islas Vírgenes Británicas Road Town
41%
Islas Marianas de Norte Saipán
40%
Islas Turcas y Caicos Cockburn Town
39%
Isla de Navidad Flying Fish Cove
39%
Hong Kong Victoria City
39%
Jersey Saint Helier
38%
San Bartolomé Gustavia
36%
Sint Maarten Philipsburg
35%
Somalilandia Hargeisa
33%
Svalbard Longyearbyen
33%
Mayotte Mamoudzou
33%
San Martín Marigot
31%
Tokelau Nukunonu
31%
Montserrat Plymouth y Brades
29%
Artsaj Khankendi
28%
Osetia del Sur Tsjinvali
28%
No se encontraron pruebas coincidentes
Distribución de puntuación
Porcentaje de gente con cada puntuación
Porcentaje por número respondido
Historial de tus puntuaciones
No has intentado esta prueba.